My Singing Monsters Light Island - Statistics

General Stats
  • This quiz has been taken 8 times
  • The average score is 26 of 27
Answer Stats
Hint Type Answer % Correct
Quad (plant, cold, fire, light) M Blow't
100%
Double (cold, fire) F Boskus
100%
Dipster D Do
100%
Quint (plant, cold, air, earth, fire) F Drummidary
100%
Dipster D Fa
100%
Double (plant, fire) F Flowah
100%
Single (light) M Fluoress
100%
Double (plant, cold) N Furcorn
100%
Double (plant, light) M Gob
100%
Single (fire) F Kayna
100%
Dipster D La
100%
Single (cold) N Mammott
100%
Dipster D Mi
100%
Single (plant) N Potbelly
100%
Dipster D Re
100%
Dipster D Sol
100%
Triple (plant, cold, fire) F Sooza
100%
Dipster D Ti
100%
Quad (cold, water, earth, fire) F Tiawa
100%
Triple (plant, fire, light) M TooToo
100%
Quad (plant, cold, air, fire) F Yelmut
100%
Double (cold, light) M Bulbo
80%
Triple (cold, fire, light) M Fiddlement
80%
Single (TitanSoul) T Phosphoran Phlox
80%
Double (fire, light) M Pluckbill
80%
Triple (plant, cold, light) M Spytrap
80%
Single (Depth) P Shhimmer
60%
No matching quizzes found
Score Distribution
Percent of People with Each Score
Percentile by Number Answered
Your Score History
You have not taken this quiz